[Event "European Women's Championship"]
[Site "Vysoke Tatry"]
[Date "2018.04.19"]
[Round "11"]
[White "Trippold, Denise"]
[Black "Vidic, Teja"]
[Result "1/2-1/2"]
[Board "67"]
[WhiteElo "2067"]
[WhiteTitle "WFM"]
[WhiteCountry "AUT"]
[WhiteFideId "1625594"]
[WhiteEloChange "3"]
[BlackElo "2176"]
[BlackTitle "WFM"]
[BlackCountry "SLO"]
[BlackFideId "14605511"]
[BlackEloChange "-3"]

1. c4 {[%clk 1:30:57]} e5 {[%clk 1:30:54]} 2. g3 {[%clk 1:31:20]} Nf6 {[%clk
1:31:16]} 3. Bg2 {[%clk 1:31:39]} c6 {[%clk 1:31:42]} 4. Nf3 {[%clk 1:31:20]} e4
{[%clk 1:31:59]} 5. Nd4 {[%clk 1:31:40]} d5 {[%clk 1:32:25]} 6. cxd5 {[%clk
1:31:53]} Qxd5 {[%clk 1:32:01]} 7. Nc2 {[%clk 1:31:21]} Qh5 {[%clk 1:32:04]} 8.
h3 {[%clk 1:17:18]} Qg6 {[%clk 1:32:30]} 9. Nc3 {[%clk 1:16:11]} Bd6 {[%clk
1:32:33]} 10. Ne3 {[%clk 1:07:43]} O-O {[%clk 1:32:58]} 11. d3 {[%clk 1:03:43]}
exd3 {[%clk 1:32:11]} 12. Qxd3 {[%clk 1:04:06]} Qxd3 {[%clk 1:31:54]} 13. exd3
{[%clk 1:04:31]} Na6 {[%clk 1:24:42]} 14. O-O {[%clk 0:59:26]} Be6 {[%clk
1:25:06]} 15. d4 {[%clk 0:53:54]} Nc7 {[%clk 1:24:50]} 16. Rd1 {[%clk 0:48:52]}
Rfd8 {[%clk 1:24:56]} 17. d5 {[%clk 0:38:22]} cxd5 {[%clk 1:23:45]} 18. Nexd5
{[%clk 0:37:55]} Nfxd5 {[%clk 1:19:00]} 19. Nxd5 {[%clk 0:38:17]} Nxd5 {[%clk
1:08:22]} 20. Bxd5 {[%clk 0:38:42]} Be5 {[%clk 1:07:20]} 21. Bf3 {[%clk 0:38:35]}
Rxd1+ {[%clk 1:07:39]} 22. Bxd1 {[%clk 0:39:04]} Rd8 {[%clk 1:03:46]} 23. Bf3
{[%clk 0:38:40]} Bxh3 {[%clk 1:00:54]} 24. Be3 {[%clk 0:33:41]} b6 {[%clk
1:01:13]} 25. Rc1 {[%clk 0:31:41]} Be6 {[%clk 0:54:17]} 26. b3 {[%clk 0:28:52]}
h6 {[%clk 0:54:44]} 27. Be4 {[%clk 0:27:27]} f5 {[%clk 0:53:07]} 28. Bf3 {[%clk
0:24:53]} Kf7 {[%clk 0:46:31]} 29. Rc2 {[%clk 0:14:11]} Rc8 {[%clk 0:41:53]} 30.
Rd2 {[%clk 0:11:19]} Ke7 {[%clk 0:40:26]} 31. Re2 {[%clk 0:11:09]} Kf6 {[%clk
0:40:00]} 32. Kg2 {[%clk 0:10:03]} Rd8 {[%clk 0:36:09]} 33. Rc2 {[%clk 0:10:22]}
g5 {[%clk 0:35:55]} 34. Rc6 {[%clk 0:05:18]} Rc8 {[%clk 0:30:48]} 35. Rxc8 {[%clk
0:05:43]} Bxc8 {[%clk 0:31:15]} 36. b4 {[%clk 0:04:58]} Bc3 {[%clk 0:29:41]} 37.
b5 {[%clk 0:04:43]} Be6 {[%clk 0:29:58]} 38. a3 {[%clk 0:04:01]} Bb3 {[%clk
0:25:55]} 39. Bc1 {[%clk 0:03:51]} Ke5 {[%clk 0:25:56]} 40. Be2 {[%clk 0:33:05]}
Kd4 {[%clk 0:49:33]} 41. Be3+ {[%clk 0:29:04]} Ke4 {[%clk 0:49:09]} 42. Bc1
{[%clk 0:28:24]} Bc2 {[%clk 0:45:46]} 43. Bh5 {[%clk 0:23:51]} Kd3 {[%clk
0:44:07]} 44. g4 {[%clk 0:22:02]} Ke4 {[%clk 0:34:47]} 45. gxf5 {[%clk 0:13:25]}
Kxf5 {[%clk 0:35:09]} 46. Bf7 {[%clk 0:12:25]} Be4+ {[%clk 0:33:14]} 47. f3
{[%clk 0:12:22]} Bd3 {[%clk 0:32:59]} 48. Be8 {[%clk 0:12:08]} Be5 {[%clk
0:29:16]} 49. Bd2 {[%clk 0:10:32]} h5 {[%clk 0:21:46]} 50. a4 {[%clk 0:08:15]} h4
{[%clk 0:22:09]} 51. a5 {[%clk 0:08:34]} Bc7 {[%clk 0:17:33]} 52. axb6 {[%clk
0:08:54]} axb6 {[%clk 0:17:57]} 53. Bd7+ {[%clk 0:04:34]} Kf6 {[%clk 0:17:12]}
54. Bb4 {[%clk 0:04:01]} Bf4 {[%clk 0:13:10]} 55. Bc6 {[%clk 0:00:50]} Be3 {[%clk
0:13:20]} 56. Bd6 {[%clk 0:00:47]} Ke6 {[%clk 0:12:29]} 57. Bc7 {[%clk 0:01:15]}
Bc4 {[%clk 0:11:38]} 58. Bd8 {[%clk 0:00:45]} Ke5 {[%clk 0:08:09]} 59. Bc7+
{[%clk 0:01:01]} Kf5 {[%clk 0:08:35]} 60. Bd8 {[%clk 0:00:50]} Be6 {[%clk
0:08:18]} 61. Be4+ {[%clk 0:00:37]} Ke5 {[%clk 0:08:37]} 62. Bc7+ {[%clk
0:00:58]} Kf6 {[%clk 0:09:04]} 63. Bd8+ {[%clk 0:01:15]} Kf7 {[%clk 0:07:33]} 64.
Bc6 {[%clk 0:01:30]} Kg6 {[%clk 0:06:23]} 65. Be8+ {[%clk 0:01:46]} Kh6 {[%clk
0:06:28]} 66. Bc6 {[%clk 0:01:58]} Bf5 {[%clk 0:06:08]} 67. Be8 {[%clk 0:02:02]}
Kg7 {[%clk 0:06:27]} 68. Bc6 {[%clk 0:01:27]} Kf7 {[%clk 0:06:26]} 69. Bc7 {[%clk
0:01:01]} Ke6 {[%clk 0:06:43]} 70. Kh1 {[%clk 0:00:43]} Bd3 {[%clk 0:06:51]} 71.
Kg2 {[%clk 0:01:02]} Bc4 {[%clk 0:06:00]} 72. Be8 {[%clk 0:00:47]} Bd5 {[%clk
0:04:48]} 73. Bh5 {[%clk 0:01:15]} Kd7 {[%clk 0:04:20]} 74. Be5 {[%clk 0:01:31]}
Bc4 {[%clk 0:04:29]} 75. Bg4+ {[%clk 0:02:00]} Ke7 {[%clk 0:04:40]} 76. Bc7
{[%clk 0:01:53]} Bxb5 {[%clk 0:04:51]} 77. f4 {[%clk 0:01:45]} gxf4 {[%clk
0:04:28]} 78. Kh3 {[%clk 0:00:54]} Bd7 {[%clk 0:02:12]} 79. Kxh4 {[%clk 0:01:23]}
Bxg4 {[%clk 0:02:35]} 80. Kxg4 {[%clk 0:01:50]} Ke6 {[%clk 0:03:01]} 81. Bxb6
{[%clk 0:02:12]} Bxb6 {[%clk 0:02:57]} 82. Kxf4 {[%clk 0:02:37]} 1/2-1/2

[Event "European Women's Championship"]
[Site "Vysoke Tatry"]
[Date "2018.04.19"]
[Round "11"]
[White "Slaba, Andrea"]
[Black "Hereklioglu, Sude"]
[Result "0-1"]
[Board "68"]
[WhiteElo "1924"]
[WhiteCountry "SVK"]
[WhiteFideId "14940680"]
[WhiteEloChange "-5"]
[BlackElo "2123"]
[BlackTitle "WFM"]
[BlackCountry "TUR"]
[BlackFideId "6359531"]
[BlackEloChange "5"]

1. d4 {[%clk 1:30:59]} Nf6 {[%clk 1:30:52]} 2. c4 {[%clk 1:31:11]} e6 {[%clk
1:31:16]} 3. Nf3 {[%clk 1:31:31]} b6 {[%clk 1:31:39]} 4. g3 {[%clk 1:31:50]} Bb7
{[%clk 1:31:41]} 5. Bg2 {[%clk 1:32:11]} Be7 {[%clk 1:31:16]} 6. O-O {[%clk
1:32:28]} O-O {[%clk 1:31:12]} 7. Qc2 {[%clk 1:31:57]} c5 {[%clk 1:29:23]} 8.
dxc5 {[%clk 1:31:01]} Bxc5 {[%clk 1:27:04]} 9. Nc3 {[%clk 1:29:48]} Nc6 {[%clk
1:25:25]} 10. a3 {[%clk 1:28:29]} a5 {[%clk 1:25:18]} 11. Rd1 {[%clk 1:27:10]}
Rc8 {[%clk 1:18:10]} 12. Na4 {[%clk 1:24:20]} Qe7 {[%clk 1:14:19]} 13. Nxc5
{[%clk 1:23:42]} bxc5 {[%clk 1:14:41]} 14. Bg5 {[%clk 1:22:26]} Rfd8 {[%clk
1:12:43]} 15. Rac1 {[%clk 1:18:57]} d6 {[%clk 1:11:54]} 16. Bd2 {[%clk 1:08:20]}
e5 {[%clk 1:09:21]} 17. e3 {[%clk 1:07:18]} e4 {[%clk 0:59:23]} 18. Ng5 {[%clk
1:00:39]} Re8 {[%clk 0:58:49]} 19. Bc3 {[%clk 0:59:48]} Ne5 {[%clk 0:57:54]} 20.
Bxe5 {[%clk 0:54:16]} Qxe5 {[%clk 0:58:13]} 21. Nh3 {[%clk 0:54:11]} Red8 {[%clk
0:41:11]} 22. Nf4 {[%clk 0:53:18]} g5 {[%clk 0:40:46]} 23. Ne2 {[%clk 0:52:46]}
Nd7 {[%clk 0:39:14]} 24. Nc3 {[%clk 0:49:34]} f5 {[%clk 0:39:00]} 25. Nb5 {[%clk
0:48:01]} Nf6 {[%clk 0:37:06]} 26. Qc3 {[%clk 0:46:59]} Qxc3 {[%clk 0:36:32]} 27.
Nxc3 {[%clk 0:47:17]} Bc6 {[%clk 0:34:22]} 28. Rd2 {[%clk 0:45:01]} Kf7 {[%clk
0:30:05]} 29. Rcd1 {[%clk 0:44:37]} Ke6 {[%clk 0:30:08]} 30. Kf1 {[%clk 0:44:05]}
Ng4 {[%clk 0:29:49]} 31. h4 {[%clk 0:40:04]} gxh4 {[%clk 0:28:58]} 32. gxh4
{[%clk 0:40:29]} Ne5 {[%clk 0:28:51]} 33. Nd5 {[%clk 0:37:15]} Nxc4 {[%clk
0:28:18]} 34. Nf4+ {[%clk 0:37:37]} Ke7 {[%clk 0:28:17]} 35. Re2 {[%clk 0:37:14]}
Rb8 {[%clk 0:28:25]} 36. Bh3 {[%clk 0:37:15]} Rf8 {[%clk 0:26:16]} 37. Rb1 {[%clk
0:35:59]} Nxa3 {[%clk 0:26:27]} 38. Ra1 {[%clk 0:36:25]} Nc4 {[%clk 0:25:28]} 39.
Rc2 {[%clk 0:36:44]} Nxb2 {[%clk 0:23:59]} 40. Rxa5 {[%clk 1:06:46]} Nd3 {[%clk
0:53:55]} 41. Ra7+ {[%clk 1:06:22]} Rb7 {[%clk 0:53:43]} 42. Nxd3 {[%clk
1:05:14]} exd3 {[%clk 0:52:46]} 43. Rca2 {[%clk 1:05:34]} Kf6 {[%clk 0:52:48]}
44. R7a6 {[%clk 1:05:09]} Rb1# {[%clk 0:53:09]} 0-1

[Event "European Women's Championship"]
[Site "Vysoke Tatry"]
[Date "2018.04.19"]
[Round "11"]
[White "Leite Oralova, Catarina"]
[Black "Trisha Kanyamarala"]
[Result "1-0"]
[Board "69"]
[WhiteElo "2134"]
[WhiteTitle "WIM"]
[WhiteCountry "POR"]
[WhiteFideId "1901222"]
[WhiteEloChange "7"]
[BlackElo "2031"]
[BlackCountry "IRL"]
[BlackFideId "45004722"]
[BlackEloChange "-7"]

1. e4 {[%clk 1:30:58]} c6 {[%clk 1:30:46]} 2. d4 {[%clk 1:30:54]} d5 {[%clk
1:31:07]} 3. exd5 {[%clk 1:31:08]} cxd5 {[%clk 1:31:28]} 4. c4 {[%clk 1:31:32]}
Nf6 {[%clk 1:31:39]} 5. Nc3 {[%clk 1:31:58]} Nc6 {[%clk 1:31:24]} 6. Nf3 {[%clk
1:32:11]} e6 {[%clk 1:26:19]} 7. cxd5 {[%clk 1:21:14]} Nxd5 {[%clk 1:25:34]} 8.
Bd3 {[%clk 1:18:38]} Be7 {[%clk 1:21:44]} 9. O-O {[%clk 1:18:11]} O-O {[%clk
1:19:51]} 10. Be3 {[%clk 1:11:02]} g6 {[%clk 1:11:48]} 11. Rc1 {[%clk 1:03:50]}
Bf6 {[%clk 1:06:46]} 12. Bh6 {[%clk 0:53:20]} Re8 {[%clk 1:01:08]} 13. Bb5 {[%clk
0:52:56]} Nxc3 {[%clk 0:58:12]} 14. bxc3 {[%clk 0:50:45]} Bd7 {[%clk 0:56:04]}
15. Re1 {[%clk 0:33:17]} Rc8 {[%clk 0:31:43]} 16. Bf1 {[%clk 0:22:49]} Ne7 {[%clk
0:27:02]} 17. Ne5 {[%clk 0:13:15]} Nc6 {[%clk 0:19:22]} 18. Nc4 {[%clk 0:11:40]}
Be7 {[%clk 0:14:12]} 19. Bf4 {[%clk 0:11:44]} Na5 {[%clk 0:12:25]} 20. Nd6 {[%clk
0:10:04]} Bxd6 {[%clk 0:12:47]} 21. Bxd6 {[%clk 0:10:31]} Bc6 {[%clk 0:11:45]}
22. Bg3 {[%clk 0:06:03]} b5 {[%clk 0:10:10]} 23. Qd2 {[%clk 0:05:15]} a6 {[%clk
0:06:54]} 24. h4 {[%clk 0:03:31]} Kg7 {[%clk 0:04:11]} 25. h5 {[%clk 0:03:14]}
Bd5 {[%clk 0:03:58]} 26. Bd3 {[%clk 0:01:45]} Nc6 {[%clk 0:02:33]} 27. a4 {[%clk
0:01:09]} Bc4 {[%clk 0:02:26]} 28. axb5 {[%clk 0:01:38]} axb5 {[%clk 0:02:49]}
29. Bb1 {[%clk 0:00:53]} Na5 {[%clk 0:02:09]} 30. Qf4 {[%clk 0:00:44]} g5 {[%clk
0:01:03]} 31. Qe4 {[%clk 0:00:37]} f5 {[%clk 0:01:00]} 32. Be5+ {[%clk 0:00:50]}
Kg8 {[%clk 0:00:58]} 33. Qe3 {[%clk 0:00:52]} h6 {[%clk 0:00:50]} 34. g4 {[%clk
0:00:44]} Qd7 {[%clk 0:00:56]} 35. f4 {[%clk 0:00:58]} Qe7 {[%clk 0:00:35]} 36.
gxf5 {[%clk 0:01:17]} gxf4 {[%clk 0:00:41]} 37. Qxf4 {[%clk 0:01:03]} Qg5+ {[%clk
0:00:38]} 38. Qxg5+ {[%clk 0:01:29]} hxg5 {[%clk 0:01:06]} 39. f6 {[%clk
0:01:37]} Nc6 {[%clk 0:01:03]} 40. Bg6 {[%clk 0:31:05]} Nxe5 {[%clk 0:30:57]} 41.
Rxe5 {[%clk 0:17:35]} Rf8 {[%clk 0:30:53]} 42. f7+ {[%clk 0:17:44]} Kh8 {[%clk
0:29:37]} 43. Rxg5 {[%clk 0:10:52]} Kg7 {[%clk 0:28:17]} 44. Kf2 {[%clk 0:09:20]}
Kh6 {[%clk 0:28:02]} 45. Re5 {[%clk 0:08:06]} Ra8 {[%clk 0:28:01]} 46. Rc2 {[%clk
0:06:19]} Ra1 {[%clk 0:27:35]} 47. Re1 {[%clk 0:05:12]} Ra7 {[%clk 0:27:08]} 48.
Re5 {[%clk 0:03:10]} Ra1 {[%clk 0:27:16]} 49. Kg2 {[%clk 0:03:02]} Bd5+ {[%clk
0:27:20]} 50. Be4 {[%clk 0:02:28]} Bc4 {[%clk 0:23:06]} 51. Rf2 {[%clk 0:02:52]}
Ra7 {[%clk 0:23:03]} 52. Bg6 {[%clk 0:02:29]} Bd5+ {[%clk 0:23:15]} 53. Kg3
{[%clk 0:02:45]} Ra3 {[%clk 0:23:13]} 54. Re3 {[%clk 0:02:57]} b4 {[%clk
0:23:27]} 55. Rc2 {[%clk 0:00:53]} Ba2 {[%clk 0:18:33]} 56. Kf4 {[%clk 0:00:40]}
bxc3 {[%clk 0:17:27]} 57. Rcxc3 {[%clk 0:00:33]} Ra4 {[%clk 0:17:33]} 58. Ke5
{[%clk 0:00:39]} Rd8 {[%clk 0:13:18]} 59. Ra3 {[%clk 0:00:42]} Rxa3 {[%clk
0:09:26]} 60. Rxa3 {[%clk 0:01:11]} Bc4 {[%clk 0:09:28]} 61. Kf6 {[%clk 0:00:53]}
Rb8 {[%clk 0:09:15]} 62. Ra7 {[%clk 0:00:44]} Rc8 {[%clk 0:07:51]} 63. Re7 {[%clk
0:00:46]} e5 {[%clk 0:07:42]} 64. dxe5 {[%clk 0:00:40]} Bb5 {[%clk 0:06:40]} 65.
e6 {[%clk 0:00:46]} Rf8 {[%clk 0:06:37]} 66. Rb7 {[%clk 0:00:50]} Be8 {[%clk
0:06:59]} 67. e7 {[%clk 0:00:50]} Rxf7+ {[%clk 0:07:18]} 68. Bxf7 {[%clk
0:01:10]} Bd7 {[%clk 0:07:43]} 69. Rxd7 {[%clk 0:01:19]} 1-0

[Event "European Women's Championship"]
[Site "Vysoke Tatry"]
[Date "2018.04.19"]
[Round "11"]
[White "Koloditsova, Renata"]
[Black "Milcova, Zuzana"]
[Result "1/2-1/2"]
[Board "70"]
[WhiteElo "1978"]
[WhiteCountry "SVK"]
[WhiteFideId "14927705"]
[WhiteEloChange "2"]
[BlackElo "2033"]
[BlackCountry "SVK"]
[BlackFideId "14920026"]
[BlackEloChange "-2"]

1. c4 {[%clk 1:30:44]} Nf6 {[%clk 1:30:24]} 2. Nc3 {[%clk 1:30:40]} d5 {[%clk
1:26:54]} 3. d4 {[%clk 1:27:44]} e6 {[%clk 1:26:26]} 4. e3 {[%clk 1:26:49]} Be7
{[%clk 1:25:44]} 5. Nf3 {[%clk 1:26:48]} O-O {[%clk 1:24:43]} 6. b3 {[%clk
1:24:35]} b6 {[%clk 1:22:20]} 7. Bb2 {[%clk 1:24:19]} Bb7 {[%clk 1:22:42]} 8. Bd3
{[%clk 1:18:05]} Nbd7 {[%clk 1:20:13]} 9. O-O {[%clk 1:16:05]} c5 {[%clk
1:13:14]} 10. Ne5 {[%clk 1:09:25]} g6 {[%clk 1:01:46]} 11. cxd5 {[%clk 1:04:45]}
cxd4 {[%clk 0:46:36]} 12. exd4 {[%clk 1:04:31]} Nxd5 {[%clk 0:46:00]} 13. Nxd5
{[%clk 1:03:29]} Bxd5 {[%clk 0:46:16]} 14. Rc1 {[%clk 1:02:00]} Nxe5 {[%clk
0:43:19]} 15. dxe5 {[%clk 1:02:08]} Bc5 {[%clk 0:42:37]} 16. Kh1 {[%clk 0:51:22]}
Qh4 {[%clk 0:36:17]} 17. Qe2 {[%clk 0:48:48]} Rad8 {[%clk 0:34:05]} 18. Rcd1
{[%clk 0:44:03]} a5 {[%clk 0:33:29]} 19. Bb5 {[%clk 0:26:27]} Bb7 {[%clk
0:29:38]} 20. f3 {[%clk 0:25:19]} Rd5 {[%clk 0:24:17]} 21. Rxd5 {[%clk 0:21:01]}
Bxd5 {[%clk 0:24:45]} 22. Rd1 {[%clk 0:20:19]} Rd8 {[%clk 0:22:04]} 23. Bc3
{[%clk 0:20:02]} Bb7 {[%clk 0:16:30]} 24. g3 {[%clk 0:09:25]} Qe7 {[%clk
0:15:07]} 25. Kg2 {[%clk 0:09:05]} Rd5 {[%clk 0:14:04]} 26. Bc4 {[%clk 0:07:15]}
Rd7 {[%clk 0:13:46]} 27. Bb5 {[%clk 0:06:58]} Rd5 {[%clk 0:13:53]} 28. Bc4 {[%clk
0:07:17]} Rd8 {[%clk 0:09:38]} 29. Rd3 {[%clk 0:07:29]} h5 {[%clk 0:09:23]} 30.
h4 {[%clk 0:03:57]} g5 {[%clk 0:07:39]} 31. hxg5 {[%clk 0:04:16]} Rxd3 {[%clk
0:06:50]} 32. Qxd3 {[%clk 0:04:28]} Qxg5 {[%clk 0:07:13]} 33. Bd2 {[%clk
0:01:26]} Qxe5 {[%clk 0:07:05]} 34. Bc3 {[%clk 0:00:59]} Qd6 {[%clk 0:05:16]} 35.
Qe2 {[%clk 0:00:45]} Bd4 {[%clk 0:02:10]} 36. Qd2 {[%clk 0:00:40]} e5 {[%clk
0:02:35]} 37. Qg5+ {[%clk 0:00:53]} Kf8 {[%clk 0:02:48]} 38. Bxd4 {[%clk
0:01:00]} exd4 {[%clk 0:02:36]} 39. Bd3 {[%clk 0:01:12]} Bc6 {[%clk 0:02:07]} 40.
Qxh5 {[%clk 0:30:57]} Ke7 {[%clk 0:31:10]} 41. Qg5+ {[%clk 0:24:37]} Qf6 {[%clk
0:25:22]} 42. Qxf6+ {[%clk 0:24:35]} Kxf6 {[%clk 0:25:50]} 43. g4 {[%clk
0:24:50]} Bd5 {[%clk 0:23:34]} 44. Kg3 {[%clk 0:18:50]} a4 {[%clk 0:13:18]} 45.
bxa4 {[%clk 0:18:35]} Bxa2 {[%clk 0:13:28]} 46. Kf4 {[%clk 0:18:57]} Bb3 {[%clk
0:10:39]} 47. Bb5 {[%clk 0:13:53]} Bd5 {[%clk 0:10:12]} 48. g5+ {[%clk 0:10:29]}
Ke6 {[%clk 0:06:43]} 49. Kg4 {[%clk 0:10:43]} 1/2-1/2

[Event "European Women's Championship"]
[Site "Vysoke Tatry"]
[Date "2018.04.19"]
[Round "11"]
[White "Chan, Naruna"]
[Black "Nadzamova, Viktoria"]
[Result "1/2-1/2"]
[Board "71"]
[WhiteElo "1909"]
[WhiteCountry "RUS"]
[WhiteFideId "24124290"]
[WhiteEloChange "-4"]
[BlackElo "1766"]
[BlackTitle "WCM"]
[BlackCountry "SVK"]
[BlackFideId "14943999"]
[BlackEloChange "4"]

1. e4 {[%clk 1:30:59]} c5 {[%clk 1:30:52]} 2. Nf3 {[%clk 1:31:24]} e6 {[%clk
1:31:15]} 3. b3 {[%clk 1:31:47]} Nf6 {[%clk 1:30:55]} 4. e5 {[%clk 1:32:07]} Nd5
{[%clk 1:31:10]} 5. c4 {[%clk 1:32:29]} Ne7 {[%clk 1:30:52]} 6. Bb2 {[%clk
1:26:31]} Nbc6 {[%clk 1:29:35]} 7. Nc3 {[%clk 1:25:03]} Nf5 {[%clk 1:16:17]} 8.
Ne4 {[%clk 1:17:00]} b6 {[%clk 1:06:30]} 9. Bd3 {[%clk 1:12:30]} Be7 {[%clk
1:01:27]} 10. O-O {[%clk 1:07:42]} O-O {[%clk 1:00:38]} 11. Qe2 {[%clk 1:01:32]}
Bb7 {[%clk 0:55:21]} 12. Rad1 {[%clk 0:56:30]} Qc7 {[%clk 0:48:43]} 13. Rfe1
{[%clk 0:46:30]} a5 {[%clk 0:31:29]} 14. Bb1 {[%clk 0:32:29]} a4 {[%clk 0:27:26]}
15. bxa4 {[%clk 0:21:04]} Rxa4 {[%clk 0:26:22]} 16. Nc3 {[%clk 0:21:26]} Raa8
{[%clk 0:26:23]} 17. Nb5 {[%clk 0:16:18]} Qb8 {[%clk 0:24:47]} 18. d4 {[%clk
0:13:48]} Nfxd4 {[%clk 0:18:40]} 19. Nfxd4 {[%clk 0:13:59]} cxd4 {[%clk 0:18:15]}
20. Nxd4 {[%clk 0:13:48]} Bb4 {[%clk 0:17:08]} 21. Nxc6 {[%clk 0:13:07]} Bxc6
{[%clk 0:16:31]} 22. Qc2 {[%clk 0:13:36]} g6 {[%clk 0:16:23]} 23. Re3 {[%clk
0:13:55]} Ba4 {[%clk 0:15:29]} 24. Qe2 {[%clk 0:13:43]} Bxd1 {[%clk 0:15:33]} 25.
Qxd1 {[%clk 0:14:11]} Qc7 {[%clk 0:15:07]} 26. Re4 {[%clk 0:11:28]} Rfd8 {[%clk
0:14:13]} 27. Qf3 {[%clk 0:09:47]} Bf8 {[%clk 0:13:03]} 28. h4 {[%clk 0:08:08]}
Bg7 {[%clk 0:12:33]} 29. h5 {[%clk 0:07:37]} d6 {[%clk 0:10:31]} 30. h6 {[%clk
0:06:43]} Bh8 {[%clk 0:09:27]} 31. Re1 {[%clk 0:03:03]} dxe5 {[%clk 0:09:16]} 32.
Qe2 {[%clk 0:02:05]} Ra4 {[%clk 0:08:47]} 33. Rc1 {[%clk 0:02:17]} Qc5 {[%clk
0:06:56]} 34. g3 {[%clk 0:00:55]} Bf6 {[%clk 0:06:34]} 35. Qg4 {[%clk 0:00:47]}
Rd2 {[%clk 0:05:48]} 36. Qf3 {[%clk 0:01:04]} Bg5 {[%clk 0:05:22]} 37. Rc2 {[%clk
0:00:35]} Rxc2 {[%clk 0:05:05]} 38. Bxc2 {[%clk 0:01:04]} Rxc4 {[%clk 0:05:24]}
39. Bb3 {[%clk 0:01:03]} Rb4 {[%clk 0:02:32]} 40. Qa8+ {[%clk 0:30:36]} Qf8
{[%clk 0:32:27]} 41. Qc6 {[%clk 0:27:41]} Be7 {[%clk 0:28:23]} 42. Bxe5 {[%clk
0:27:24]} Qxh6 {[%clk 0:27:53]} 43. Bb2 {[%clk 0:24:45]} Bc5 {[%clk 0:20:33]} 44.
Qd7 {[%clk 0:20:37]} Re4 {[%clk 0:18:40]} 45. Qd1 {[%clk 0:17:53]} Bb4 {[%clk
0:17:31]} 46. Qd8+ {[%clk 0:18:07]} Bf8 {[%clk 0:13:20]} 47. Qd1 {[%clk 0:15:03]}
Qh5 {[%clk 0:10:38]} 48. f3 {[%clk 0:12:05]} Rb4 {[%clk 0:09:00]} 49. Kg2 {[%clk
0:12:03]} Rb5 {[%clk 0:07:53]} 50. Qd4 {[%clk 0:11:34]} e5 {[%clk 0:04:05]} 51.
Qd7 {[%clk 0:07:25]} Rxb3 {[%clk 0:03:49]} 52. axb3 {[%clk 0:07:54]} Qg5 {[%clk
0:03:45]} 53. Qd5 {[%clk 0:07:59]} Qe3 {[%clk 0:02:42]} 54. Bxe5 {[%clk 0:07:53]}
Qe2+ {[%clk 0:02:40]} 55. Kh1 {[%clk 0:07:14]} Qf1+ {[%clk 0:02:37]} 56. Kh2
{[%clk 0:07:37]} Qf2+ {[%clk 0:02:30]} 57. Kh3 {[%clk 0:05:13]} Qf1+ {[%clk
0:02:26]} 58. Kh2 {[%clk 0:05:29]} Qf2+ {[%clk 0:02:28]} 59. Kh3 {[%clk 0:05:50]}
Qf1+ {[%clk 0:02:21]} 60. Kh2 {[%clk 0:06:18]} Qf2+ {[%clk 0:01:51]} 1/2-1/2